Lámour fou

Spremljeno u:
Bibliografski detalji
Glavni autor: Breton, André
Format: Knjiga
Jezik:Undetermined
Izdano: París, Francia Gallimard 1970
Teme:
Oznake: Dodaj oznaku
Bez oznaka, Budi prvi tko označuje ovaj zapis!

MARC

LEADER 00000nam a2200000Ia 4500
008 170316s9999 xx 000 0 und d
040 |a cru BVZT 
090 |a 840 B-28am 
100 |a Breton, André 
245 |a Lámour fou 
260 |a París, Francia 
260 |b Gallimard 
260 |c 1970 
300 |a 136 páginas 
650 |a LITERATURA FRANCESA 
999 |c 7512  |d 7512 
942 |c 15 D  |h 840 B-28am  |2 z